[Event "Saint Louis Spring-A"]
[Site "Saint Louis"]
[Date "2019.03.03"]
[Round "2"]
[White "Robson, Ray"]
[Black "Nyzhnyk, Illya"]
[Result "0-1"]
[WhiteElo "2667"]
[BlackElo "2638"]
[Annotator "Yermolinsky,A"]
[PlyCount "76"]
[EventDate "2019.03.02"]
[EventType "tourn"]
[EventRounds "9"]
[EventCountry "USA"]
[EventCategory "17"]
[SourceTitle "CBM 189"]
[Source "ChessBase"]
[SourceDate "2019.04.29"]
[SourceVersion "1"]
[SourceVersionDate "2019.04.29"]
[SourceQuality "1"]

1. e4 e5 2. Nf3 Nf6 3. d4 Nxe4 4. Bd3 d5 5. Nxe5 Bd6 {Illya enters a rare
sideline} ({Most Petroff aficionados rely on the proven} 5... Nd7) 6. O-O O-O
7. c4 c6 8. cxd5 cxd5 9. Nd2 {A novelty.} ({White hasn't done so badly after
the regular} 9. Nc3) 9... Bf5 10. Qf3 Nxd2 11. Bxd2 Bxd3 12. Qxd3 f6 ({I guess
the idea was to apply some pressure after the expected} 12... Nc6 13. Nxc6 bxc6
14. Rac1 {Frankly, I'm not sure White will succeed after} Qb6 15. b3 a5) 13.
Qb3 $1 {[#] Was it all prep? If not, then I have no choice but admire
Nyzhnyk's composure in finding a defense over the board.} Bxe5 $1 ({The
obvious response would have been} 13... fxe5 14. Qxb7 Qb6 15. Qxd5+ Kh8 {
hoping to trap the queen after the capture on a8. However, White has the very
strong idea in} 16. Rac1 $1 {leading to a curious position after} Qxd4 17. Qxa8
Qxd2 18. Qb7 {Black cannot get his knight out and may be facing some endgame
problems after} Qd4 19. Rc8 Qb6 20. Qxb6 axb6 21. Rxf8+ Bxf8 22. Rc1) 14. dxe5
fxe5 15. Qxb7 Qd7 $1 16. Qxa8 Nc6 17. Qxf8+ Kxf8 {[#]} 18. b4 $2 {I love
watching Ray Robson attack, but sometimes his play baffles me.} ({Wasn't
getting the rooks into play more important?} 18. Rac1 Kg8 19. Rfe1 e4 20. Bf4 {
seemed a reasonable course to follow.}) 18... Nd4 $1 19. Kh1 Nc2 $1 {Illya
does a fantastic job punishing his opponent's error.} 20. Rab1 Qa4 21. b5 Qxa2
22. b6 axb6 23. Rxb6 h6 $17 24. Rfb1 Qc4 25. Rb7 Kg8 26. Re7 Kh7 27. h3 Nd4 $1
{A very timely return to the defense.} 28. Rbb7 Nf5 29. Rxe5 Qf1+ 30. Kh2 {
[#] And now, counterattack!} Nh4 {That knight can do it all.} 31. Kg3 Qxg2+ 32.
Kxh4 Qxf2+ 33. Kg4 Qg2+ 34. Kh4 Qxd2 35. Rbe7 Qf4+ 36. Kh5 d4 37. Rc5 Qf3+ 38.
Kh4 Qf6+ 0-1